Music Quiz

Random Music or Artist Quiz

Music Box Sets Quiz Stats

 Plays Quiz Updated Mar 19, 2020

Support Sporcle.
Go Orange.
Score 0/32 Timer 04:00
0 Plays Today
Box Set Artist % Correct
Good VibrationsThe Beach Boys
86.8%
The King of Rock 'n RollElvis Presley
85.1%
Queen Of SoulAretha Franklin
78.1%
Tales From The Brothers GibbBee Gees
70.5%
Message In A BoxThe Police
64.1%
Prince Of DarknessOzzy Osbourne
62.3%
CrossroadsEric Clapton
47.4%
Pandora's BoxAerosmith
45.6%
BiographBob Dylan
39.8%
Strait Out Of The BoxGeorge Strait
37.6%
The Crown JewelsQueen
37.2%
Boats, Beaches, Bars and BalladsJimmy Buffett
34.9%
Shine OnPink Floyd
34.2%
With The Lights OutNirvana
34.1%
TracksBruce Springsteen
31.7%
Songs Of FreedomBob Marley
31%
Box Set Artist % Correct
Live Sh*t: Binge & PurgeMetallica
30.7%
30 Years Of Maximum R&BThe Who
29.8%
To Be ContinuedElton John
28%
BonfireAC/DC
26.5%
SRVStevie Ray Vaughan
21.7%
Old FriendsSimon and Garfunkel
21.5%
Chrome, Smoke & BBQZZ Top
21.1%
Box Of PearlsJanis Joplin
18.6%
Genius & SoulRay Charles
17.7%
Star TimeJames Brown
17.3%
Eddie's ArchiveIron Maiden
16.8%
StorytellerRod Stewart
14.4%
WinterlandJimi Hendrix
14%
UnearthedJohnny Cash
12.6%
Signature BoxJohn Lennon
11.6%
The Aeroplane Flies HighThe Smashing Pumpkins
8.3%

You're not logged in!

Compare scores with friends on all Sporcle quizzes.
OR
Log In

From the Vault

Mixed Religious Symbols

by chaosBEE

Imagine some of the holy shrines and landmarks if these religions blended together.
Remove Ads.
Support Sporcle.
Get the best of Sporcle when you Go Orange. This ad-free experience offers more features, more stats, and more fun while also helping to support Sporcle. Thank you for becoming a member.

Show Comments

Extras

Top Quizzes Today


Score Distribution

Your Account Isn't Verified!

In order to create a playlist on Sporcle, you need to verify the email address you used during registration. Go to your Sporcle Settings to finish the process.

Report this User

Report this user for behavior that violates our Community Guidelines.

Details: